[Event "Muensterland Verbandsklasse 2526"]
[Site "Germany"]
[Date "2026.04.25"]
[Round "8"]
[Board "3"]
[White "Mellinger, Thomas"]
[Black "Binger, Friedhelm"]
[Result "0-1"]
[WhiteElo "1662"]
[BlackElo "1688"]
[WhiteFideId "-1"]
[BlackFideId "-1"]
[PlyCount "118"]
[GameId "2095107233178822"]
[EventDate "2025.??.??"]
[EventType "team-tourn"]
[EventRounds "9"]
[EventCountry "GER"]
[SourceTitle "Verband Muensterland"]
[SourceDate "2026.01.17"]
[SourceVersion "1"]
[SourceVersionDate "2026.01.17"]
[SourceQuality "1"]
[WhiteTeam "Steinfurt II"]
[BlackTeam "Gronau II"]
[WhiteTeamCountry "GER"]
[BlackTeamCountry "GER"]

1. d4 d5 2. Bf4 Nf6 3. Nf3 e6 4. e3 c5 5. c4 Nc6 6. Nc3 a6 7. cxd5 Nxd5 8. Nxd5 Qxd5 9. Be2 cxd4 10. exd4 Bb4+ 11. Bd2 Qa5 12. Bxb4 Qxb4+ 13. Qd2 Qxd2+ 14. Kxd2 O-O 15. Rhd1 b5 16. Rac1 Bb7 17. Ke1 Rfd8 18. a3 Rac8 19. g4 f6 20. h4 Rd6 21. Rd2 Rcd8 22. Rcd1 Ne7 23. Ng1 Bd5 24. Rc1 Rc6 25. Rc5 Rcd6 26. Rc7 R8d7 27. Rxd7 Rxd7 28. Bf3 Rc7 29. Bxd5 Rc1+ 30. Rd1 Rxd1+ 31. Kxd1 Nxd5 32. Ne2 Kf7 33. Kd2 Ke7 34. Kd3 Kd6 35. f4 f5 36. g5 g6 37. b3 Kc6 38. Kd2 Kd6 39. a4 Kc6 40. Kd3 Kb6 41. axb5 axb5 42. Kd2 Ka5 43. Kc2 Kb4 44. Kb2 Ne3 45. Nc1 Ng2 46. Nd3+ Ka5 47. b4+ Kb6 48. Kc3 Ne3 49. Nc5 Nd5+ 50. Kb3 Nxf4 51. Nd7+ Kc6 52. Nf8 Kd5 53. Kc3 Ne2+ 54. Kd3 Nxd4 55. Nxh7 Nc6 56. Kc3 Ne7 57. Nf8 e5 58. Nxg6 Nxg6 59. h5 Nf4 0-1

[Event "Muensterland Verbandsklasse 2526"]
[Site "Germany"]
[Date "2026.04.25"]
[Round "8"]
[Board "4"]
[White "Schoewer Lingemann, Thorsten"]
[Black "Schmitz, Carolin"]
[Result "0-1"]
[WhiteElo "1729"]
[BlackElo "1616"]
[WhiteFideId "-1"]
[BlackFideId "-1"]
[PlyCount "64"]
[GameId "2095107319190735"]
[EventDate "2025.??.??"]
[EventType "team-tourn"]
[EventRounds "9"]
[EventCountry "GER"]
[SourceTitle "Verband Muensterland"]
[SourceDate "2026.01.17"]
[SourceVersion "1"]
[SourceVersionDate "2026.01.17"]
[SourceQuality "1"]
[WhiteTeam "Gronau II"]
[BlackTeam "Steinfurt II"]
[WhiteTeamCountry "GER"]
[BlackTeamCountry "GER"]

1. Nf3 d5 2. c4 d4 3. e3 dxe3 4. fxe3 c5 5. b4 cxb4 6. d4 e6 7. Bd3 Nc6 8. O-O Nf6 9. Qc2 Be7 10. Nbd2 O-O 11. Bb2 h6 12. Rae1 a5 13. e4 a4 14. e5 Ne8 15. Be4 f5 16. Bd3 g5 17. d5 Bc5+ 18. Kh1 Ne7 19. h3 Ng7 20. Bd4 Bxd4 21. Nxd4 exd5 22. cxd5 Nxd5 23. Nxf5 Nxf5 24. Bxf5 Bxf5 25. Rxf5 Rxf5 26. Qxf5 Nf4 27. Ne4 Kg7 28. Nf6 Qd3 29. Nh5+ Kg8 30. Nf6+ Kh8 31. Qg4 Rd8 32. e6 Qc3 0-1

[Event "Muensterland Verbandsklasse 2526"]
[Site "Germany"]
[Date "2026.04.25"]
[Round "8"]
[Board "5"]
[White "Weiermann, Ewald"]
[Black "Schlueter, Gerhard"]
[Result "1-0"]
[WhiteElo "1603"]
[BlackElo "1606"]
[WhiteFideId "-1"]
[BlackFideId "-1"]
[PlyCount "73"]
[GameId "2095107403830488"]
[EventDate "2025.??.??"]
[EventType "team-tourn"]
[EventRounds "9"]
[EventCountry "GER"]
[SourceTitle "Verband Muensterland"]
[SourceDate "2026.01.17"]
[SourceVersion "1"]
[SourceVersionDate "2026.01.17"]
[SourceQuality "1"]
[WhiteTeam "Steinfurt II"]
[BlackTeam "Gronau II"]
[WhiteTeamCountry "GER"]
[BlackTeamCountry "GER"]

1. d4 d5 2. e3 Nf6 3. c4 e6 4. Nc3 Nbd7 5. Nf3 Be7 6. Be2 O-O 7. O-O c6 8. b3 dxc4 9. bxc4 b6 10. Bb2 Bb7 11. Qc2 Qc7 12. Rad1 Rfd8 13. h3 c5 14. d5 exd5 15. Nxd5 Nxd5 16. cxd5 Qd6 17. e4 f6 18. Rfe1 Bc8 19. Bc4 Ne5 20. Nxe5 fxe5 21. Bxe5 Qxe5 22. d6+ Kh8 23. dxe7 Qxe7 24. Rxd8+ Qxd8 25. e5 Bb7 26. e6 Qe7 27. Qf5 Bc6 28. Bd3 g6 29. Qe5+ Kg8 30. f4 Rd8 31. Be4 Bxe4 32. Rxe4 Rd4 33. g4 Qh4 34. Rxd4 Qg3+ 35. Kf1 Qf3+ 36. Ke1 Qc3+ 37. Rd2 1-0

[Event "Muensterland Verbandsklasse 2526"]
[Site "Germany"]
[Date "2026.04.25"]
[Round "8"]
[Board "6"]
[White "Baer, Klaus"]
[Black "Dehler, Markus"]
[Result "1/2-1/2"]
[WhiteElo "1577"]
[BlackElo "1574"]
[WhiteFideId "-1"]
[BlackFideId "-1"]
[PlyCount "37"]
[GameId "2095107464140001"]
[EventDate "2025.??.??"]
[EventType "team-tourn"]
[EventRounds "9"]
[EventCountry "GER"]
[SourceTitle "Verband Muensterland"]
[SourceDate "2026.01.17"]
[SourceVersion "1"]
[SourceVersionDate "2026.01.17"]
[SourceQuality "1"]
[WhiteTeam "Gronau II"]
[BlackTeam "Steinfurt II"]
[WhiteTeamCountry "GER"]
[BlackTeamCountry "GER"]

1. Nf3 d5 2. d4 Nf6 3. e3 Bf5 4. c4 c6 5. Nc3 e6 6. a3 Nbd7 7. Be2 h6 8. O-O Bd6 9. b4 dxc4 10. Bxc4 O-O 11. Bb2 Bg4 12. Be2 Bf5 13. h3 Qc7 14. Bd3 Bxd3 15. Qxd3 e5 16. dxe5 Nxe5 17. Nxe5 Bxe5 18. Rfd1 Rfd8 19. Qe2 1/2-1/2

[Event "Muensterland Verbandsklasse 2526"]
[Site "Germany"]
[Date "2026.04.25"]
[Round "8"]
[Board "7"]
[White "Melcher, Guenter Herbert"]
[Black "Hauser, Emilian"]
[Result "1/2-1/2"]
[WhiteElo "1542"]
[BlackElo "1522"]
[WhiteFideId "-1"]
[BlackFideId "-1"]
[PlyCount "89"]
[GameId "2095107553645802"]
[EventDate "2025.??.??"]
[EventType "team-tourn"]
[EventRounds "9"]
[EventCountry "GER"]
[SourceTitle "Verband Muensterland"]
[SourceDate "2026.01.17"]
[SourceVersion "1"]
[SourceVersionDate "2026.01.17"]
[SourceQuality "1"]
[WhiteTeam "Steinfurt II"]
[BlackTeam "Gronau II"]
[WhiteTeamCountry "GER"]
[BlackTeamCountry "GER"]

1. d4 Nf6 2. c4 d5 3. Nc3 e6 4. Nf3 Nbd7 5. cxd5 exd5 6. Bg5 Be7 7. e3 O-O 8. Bd3 b6 9. O-O Bb7 10. Rc1 c5 11. Qe2 h6 12. Bh4 Ne4 13. Bxe7 Qxe7 14. Ba6 Bxa6 15. Qxa6 Ndf6 16. Qd3 Rac8 17. Nd2 Rfe8 18. Rfe1 Qd6 19. Nf3 Re7 20. Nb5 Qd7 21. Nc3 Rce8 22. Ne5 Qe6 23. Qd1 Nd7 24. Nxd7 Qxd7 25. dxc5 Qf5 26. Qf3 Qxf3 27. gxf3 Nxc5 28. Red1 Rd8 29. Rxd5 Red7 30. Rcd1 Kf8 31. Rxd7 Nxd7 32. Nb5 Ke8 33. a3 a5 34. b4 Ke7 35. Nd4 Ne5 36. f4 Nf3+ 37. Kg2 Nxd4 38. Rxd4 Rxd4 39. exd4 Kd6 40. Kf3 Kd5 41. Ke3 axb4 42. axb4 f5 43. Kd3 b5 44. f3 g6 45. h4 1/2-1/2

[Event "Muensterland Verbandsklasse 2526"]
[Site "Germany"]
[Date "2026.04.25"]
[Round "8"]
[Board "8"]
[White "Bayer, Wladimir"]
[Black "Krueler, Andreas"]
[Result "1-0"]
[WhiteElo "1894"]
[BlackElo "1421"]
[WhiteFideId "-1"]
[BlackFideId "-1"]
[PlyCount "99"]
[GameId "2095107615425779"]
[EventDate "2025.??.??"]
[EventType "team-tourn"]
[EventRounds "9"]
[EventCountry "GER"]
[SourceTitle "Verband Muensterland"]
[SourceDate "2026.01.17"]
[SourceVersion "1"]
[SourceVersionDate "2026.01.17"]
[SourceQuality "1"]
[WhiteTeam "Gronau II"]
[BlackTeam "Steinfurt II"]
[WhiteTeamCountry "GER"]
[BlackTeamCountry "GER"]

1. d4 e6 2. c4 Bb4+ 3. Bd2 Bxd2+ 4. Qxd2 h6 5. Nc3 Nf6 6. Nf3 O-O 7. e3 b6 8. Be2 Bb7 9. O-O d5 10. cxd5 Bxd5 11. Nxd5 Nxd5 12. Rac1 Nd7 13. Rfd1 N7f6 14. Ne5 Ne4 15. Qc2 f5 16. Bf3 Nef6 17. Qc6 Qd6 18. Qc2 Rac8 19. Bxd5 Nxd5 20. Nc6 Nb4 21. Qa4 a5 22. a3 Nxc6 23. Rxc6 Qd5 24. Rdc1 Qe4 25. Qc4 Rf6 26. Rxc7 Rxc7 27. Qxc7 f4 28. Qc8+ Kh7 29. Qc2 Qxc2 30. Rxc2 fxe3 31. fxe3 e5 32. Rd2 exd4 33. exd4 Rd6 34. Kf2 Kg6 35. Ke3 Kf6 36. Ke4 g5 37. d5 Ke7 38. Ke5 h5 39. Rf2 h4 40. h3 b5 41. Rc2 Kd7 42. Rd2 Rg6 43. Kf5 Rg8 44. d6 b4 45. a4 Rg7 46. Rd5 Kc6 47. Ke5 Rg8 48. d7 Kc7 49. Ke6 Rg6+ 50. Kf7 1-0

[Event "Muensterland Verbandsklasse 2526"]
[Site "Germany"]
[Date "2026.05.16"]
[Round "9"]
[Board "1"]
[White "Kloenne, Tim"]
[Black "Floeter, Volker"]
[Result "1/2-1/2"]
[WhiteElo "1803"]
[BlackElo "1779"]
[WhiteFideId "-1"]
[BlackFideId "-1"]
[PlyCount "101"]
[GameId "2315515770742824"]
[EventDate "2025.??.??"]
[EventType "team-tourn"]
[EventRounds "9"]
[EventCountry "GER"]
[SourceTitle "Verband Muensterland"]
[SourceDate "2026.01.17"]
[SourceVersion "1"]
[SourceVersionDate "2026.01.17"]
[SourceQuality "1"]
[WhiteTeam "Gronau II"]
[BlackTeam "Billerbeck"]
[WhiteTeamCountry "GER"]
[BlackTeamCountry "GER"]

1. Nf3 d5 2. d4 Nf6 3. c4 Bf5 4. Nc3 e6 5. e3 h6 6. cxd5 exd5 7. Bd3 Bxd3 8. Qxd3 c6 9. O-O Be7 10. Rb1 a5 11. b3 O-O 12. Bb2 Na6 13. a3 Re8 14. Rbc1 Bd6 15. Rfe1 Qe7 16. a4 Ne4 17. Qe2 Bb4 18. Red1 Bxc3 19. Bxc3 Nb4 20. Qb2 Nxc3 21. Rxc3 f6 22. Ne1 Kf7 23. Qd2 Rad8 24. Nd3 Nxd3 25. Qxd3 Qe4 26. Qd2 Rd6 27. Rdc1 f5 28. Rc5 b6 29. R5c3 Rg6 30. g3 Ree6 31. Qc2 Qxc2 32. R1xc2 Ke7 33. Rb2 c5 34. dxc5 Rc6 35. Rbc2 Kd7 36. Kf1 h5 37. cxb6 Rxc3 38. Rxc3 Rxb6 39. Ke2 Kd6 40. Kd2 g5 41. Kc2 f4 42. Rc8 fxe3 43. fxe3 h4 44. Rg8 Kc5 45. Kc3 hxg3 46. hxg3 Re6 47. Kd3 Rb6 48. Rc8+ Kd6 49. Kc3 Rb4 50. Ra8 Re4 51. Rd8+ 1/2-1/2

[Event "Muensterland Verbandsklasse 2526"]
[Site "Germany"]
[Date "2026.05.16"]
[Round "9"]
[Board "2"]
[White "Funk, Alexander"]
[Black "Reinhold, Klaus"]
[Result "1-0"]
[WhiteElo "1820"]
[BlackElo "1773"]
[WhiteFideId "-1"]
[BlackFideId "-1"]
[PlyCount "87"]
[GameId "2315515770742826"]
[EventDate "2025.??.??"]
[EventType "team-tourn"]
[EventRounds "9"]
[EventCountry "GER"]
[SourceTitle "Verband Muensterland"]
[SourceDate "2026.01.17"]
[SourceVersion "1"]
[SourceVersionDate "2026.01.17"]
[SourceQuality "1"]
[WhiteTeam "Billerbeck"]
[BlackTeam "Gronau II"]
[WhiteTeamCountry "GER"]
[BlackTeamCountry "GER"]

1. d4 d5 2. Nf3 Nf6 3. e3 Bg4 4. c4 e6 5. Nc3 Be7 6. Qb3 Nc6 7. cxd5 exd5 8. Ne5 Na5 9. Qa4+ c6 10. Bd2 O-O 11. Nxd5 Qxd5 12. Qxa5 Be6 13. Qxd5 Bxd5 14. f3 Rad8 15. Nd3 Rfe8 16. Kf2 Bc4 17. Bc3 Bf8 18. e4 b5 19. b3 Be6 20. Ne5 Rc8 21. Be2 Bd6 22. Nd3 Bc7 23. Rhd1 Bb6 24. Kf1 Nd7 25. Rac1 f6 26. Nf4 Bf7 27. Rc2 a6 28. Rdc1 Red8 29. Bb2 c5 30. Nd3 c4 31. Nf2 Nf8 32. bxc4 Bxd4 33. cxb5 Rxc2 34. Rxc2 axb5 35. Bxd4 Rxd4 36. Bxb5 Rb4 37. Bc6 Rb6 38. Bd5 Bxd5 39. exd5 Rd6 40. Rd2 f5 41. Nd1 Ne6 42. Ne3 Nc7 43. Nxf5 Rd7 44. a4 1-0

[Event "Muensterland Verbandsklasse 2526"]
[Site "Germany"]
[Date "2026.05.16"]
[Round "9"]
[Board "3"]
[White "Naber, Wolfgang"]
[Black "Bruins, Ludwig"]
[Result "1-0"]
[WhiteElo "1666"]
[BlackElo "1618"]
[WhiteFideId "-1"]
[BlackFideId "-1"]
[PlyCount "123"]
[GameId "2315515770742828"]
[EventDate "2025.??.??"]
[EventType "team-tourn"]
[EventRounds "9"]
[EventCountry "GER"]
[SourceTitle "Verband Muensterland"]
[SourceDate "2026.01.17"]
[SourceVersion "1"]
[SourceVersionDate "2026.01.17"]
[SourceQuality "1"]
[WhiteTeam "Gronau II"]
[BlackTeam "Billerbeck"]
[WhiteTeamCountry "GER"]
[BlackTeamCountry "GER"]

1. Nf3 Nf6 2. c4 g6 3. d4 Bg7 4. Nc3 d5 5. cxd5 Nxd5 6. e4 Nxc3 7. bxc3 c5 8. Rb1 O-O 9. Be2 Nc6 10. d5 Ne5 11. Nxe5 Bxe5 12. O-O Bxc3 13. Bb2 Bxb2 14. Rxb2 b6 15. Rd2 Bb7 16. f4 Qd7 17. f5 Qd6 18. Qe1 c4 19. Qh4 b5 20. Rf3 Qf6 21. Qg3 Qd6 22. Qh4 Qf6 23. Qe1 Rac8 24. fxg6 Qb6+ 25. Kh1 fxg6 26. Rxf8+ Rxf8 27. Bg4 Qf6 28. Bf3 Qe5 29. h3 c3 30. Rc2 b4 31. Qe3 Bxd5 32. Qc5 Rd8 33. exd5 Qe1+ 34. Kh2 Qe5+ 35. Kh1 Qe1+ 36. Qg1 Qxg1+ 37. Kxg1 Kf7 38. Kf2 Kf6 39. Ke3 Ke5 40. Kd3 Rc8 41. Re2+ Kf6 42. Kc2 a5 43. Re6+ Kf7 44. Ra6 Rc5 45. Rb6 Kg7 46. Rc6 Rb5 47. Kb3 Rb8 48. Ka4 Ra8 49. Be4 Rb8 50. Rc5 Rf8 51. Rxa5 Kh6 52. Kb3 Rf2 53. Rc5 Rb2+ 54. Ka4 Rxa2+ 55. Kxb4 Ra7 56. Kxc3 Kg7 57. Kd4 Rd7 58. Ke5 Kf8 59. Rc6 Kg7 60. Ke6 Ra7 61. Rc8 Ra4 62. Bf3 1-0

[Event "Muensterland Verbandsklasse 2526"]
[Site "Germany"]
[Date "2026.05.16"]
[Round "9"]
[Board "4"]
[White "Bechtloff, Horst"]
[Black "Schlueter, Gerhard"]
[Result "1/2-1/2"]
[WhiteElo "1490"]
[BlackElo "1606"]
[WhiteFideId "-1"]
[BlackFideId "-1"]
[PlyCount "36"]
[GameId "2315515770742830"]
[EventDate "2025.??.??"]
[EventType "team-tourn"]
[EventRounds "9"]
[EventCountry "GER"]
[SourceTitle "Verband Muensterland"]
[SourceDate "2026.01.17"]
[SourceVersion "1"]
[SourceVersionDate "2026.01.17"]
[SourceQuality "1"]
[WhiteTeam "Billerbeck"]
[BlackTeam "Gronau II"]
[WhiteTeamCountry "GER"]
[BlackTeamCountry "GER"]

1. d4 d5 2. Nf3 Nf6 3. Bf4 e6 4. e3 Be7 5. Nbd2 Nbd7 6. Bd3 O-O 7. c3 c5 8. Qe2 b6 9. e4 Bb7 10. e5 Ne8 11. h4 c4 12. Bc2 Nc7 13. Ng5 g6 14. Qg4 f5 15. exf6 Nxf6 16. Qh3 Bd6 17. Bxd6 Qxd6 18. O-O-O Rae8 1/2-1/2

[Event "Muensterland Verbandsklasse 2526"]
[Site "Germany"]
[Date "2026.05.16"]
[Round "9"]
[Board "5"]
[White "Baer, Klaus"]
[Black "Tendam, Heiner"]
[Result "1/2-1/2"]
[WhiteElo "1577"]
[BlackElo "1494"]
[WhiteFideId "-1"]
[BlackFideId "-1"]
[PlyCount "51"]
[GameId "2315515770742832"]
[EventDate "2025.??.??"]
[EventType "team-tourn"]
[EventRounds "9"]
[EventCountry "GER"]
[SourceTitle "Verband Muensterland"]
[SourceDate "2026.01.17"]
[SourceVersion "1"]
[SourceVersionDate "2026.01.17"]
[SourceQuality "1"]
[WhiteTeam "Gronau II"]
[BlackTeam "Billerbeck"]
[WhiteTeamCountry "GER"]
[BlackTeamCountry "GER"]

1. Nf3 Nc6 2. d4 d5 3. e3 Nf6 4. c4 Bg4 5. Nc3 e6 6. a3 Be7 7. Be2 O-O 8. O-O a6 9. b4 dxc4 10. Bxc4 Nd5 11. Bb2 Nxc3 12. Bxc3 b5 13. Be2 Bf6 14. Qc2 Ne7 15. e4 Ng6 16. e5 Bf5 17. Qd2 Be7 18. Bd3 Bxd3 19. Qxd3 Nf4 20. Qe4 Nd5 21. Bd2 Rc8 22. Rfc1 c6 23. g3 Qd7 24. Re1 Rce8 25. Rec1 Rc8 26. Re1 1/2-1/2

[Event "Muensterland Verbandsklasse 2526"]
[Site "Germany"]
[Date "2026.05.16"]
[Round "9"]
[Board "6"]
[White "Heinrich, Luis"]
[Black "Hauser, Emilian"]
[Result "1-0"]
[WhiteElo "1425"]
[BlackElo "1522"]
[WhiteFideId "-1"]
[BlackFideId "-1"]
[PlyCount "59"]
[GameId "2315515770742834"]
[EventDate "2025.??.??"]
[EventType "team-tourn"]
[EventRounds "9"]
[EventCountry "GER"]
[SourceTitle "Verband Muensterland"]
[SourceDate "2026.01.17"]
[SourceVersion "1"]
[SourceVersionDate "2026.01.17"]
[SourceQuality "1"]
[WhiteTeam "Billerbeck"]
[BlackTeam "Gronau II"]
[WhiteTeamCountry "GER"]
[BlackTeamCountry "GER"]

1. e4 e5 2. Bc4 Nc6 3. Nc3 Bc5 4. Qg4 Qf6 5. Nd5 Qxf2+ 6. Kd1 Nf6 7. Qxg7 Rf8 8. Nxf6+ Ke7 9. Nd5+ Kd8 10. Qf6+ Qxf6 11. Nxf6 h6 12. d3 Rh8 13. Nf3 d6 14. c3 a6 15. Re1 b5 16. Bd5 Bb7 17. Be3 Bxe3 18. Rxe3 Ke7 19. Nh5 Raf8 20. Nh4 Rhg8 21. Rg3 Rg5 22. Nf5+ Kd7 23. Nf6+ Kd8 24. Nxh6 Rxg3 25. hxg3 Ke7 26. Nhg8+ Kd8 27. Kd2 Na5 28. b4 Bxd5 29. exd5 Nb7 30. a4 1-0

[Event "Muensterland Verbandsklasse 2526"]
[Site "Germany"]
[Date "2026.05.16"]
[Round "9"]
[Board "8"]
[White "Gruetzner, Matthias"]
[Black "Gerdes, Joachim"]
[Result "0-1"]
[WhiteElo "1153"]
[BlackElo "1375"]
[WhiteFideId "-1"]
[BlackFideId "-1"]
[PlyCount "60"]
[GameId "2315515770742838"]
[EventDate "2025.??.??"]
[EventType "team-tourn"]
[EventRounds "9"]
[EventCountry "GER"]
[SourceTitle "Verband Muensterland"]
[SourceDate "2026.01.17"]
[SourceVersion "1"]
[SourceVersionDate "2026.01.17"]
[SourceQuality "1"]
[WhiteTeam "Billerbeck"]
[BlackTeam "Gronau II"]
[WhiteTeamCountry "GER"]
[BlackTeamCountry "GER"]

1. e4 c5 2. Nc3 d6 3. Bb5+ Bd7 4. Qe2 a6 5. Bxd7+ Nxd7 6. Nf3 Ngf6 7. e5 dxe5 8. Nxe5 e6 9. Nxd7 Qxd7 10. d3 h6 11. f4 Be7 12. g4 Nd5 13. Nxd5 Qxd5 14. Rf1 Bh4+ 15. Kd1 Be7 16. f5 e5 17. c4 Qd6 18. Qe4 O-O-O 19. Rf3 Qd4 20. Kc2 f6 21. Bd2 Qxe4 22. dxe4 Rd4 23. Kc3 Rxe4 24. h3 Rd4 25. Be3 Rd7 26. a3 Rhd8 27. Bg1 Kc7 28. b4 cxb4+ 29. axb4 Rd1 30. Rf1 R1d3+ 0-1

[Event "Muensterland Verbandsklasse 2526"]
[Site "Germany"]
[Date "2026.05.16"]
[Round "9"]
[Board "2"]
[White "Husemann, Andreas"]
[Black "Almohammad, Abbas"]
[Result "1-0"]
[WhiteElo "1858"]
[BlackElo "1770"]
[WhiteFideId "-1"]
[BlackFideId "-1"]
[PlyCount "43"]
[GameId "2288290218626159"]
[EventDate "2025.??.??"]
[EventType "team-tourn"]
[EventRounds "9"]
[EventCountry "GER"]
[SourceTitle "Verband Muensterland"]
[SourceDate "2026.01.17"]
[SourceVersion "1"]
[SourceVersionDate "2026.01.17"]
[SourceQuality "1"]
[WhiteTeam "Nordkirchen"]
[BlackTeam "Telgte"]
[WhiteTeamCountry "GER"]
[BlackTeamCountry "GER"]

1. d4 d5 2. Nf3 Bf5 3. c4 c6 4. cxd5 cxd5 5. Nc3 e6 6. e3 a6 7. Be2 Bd6 8. O-O Nf6 9. Bd2 Nbd7 10. Rc1 h6 11. Qb3 Qb8 12. a4 g5 13. g3 h5 14. Nxg5 h4 15. f4 hxg3 16. hxg3 Ng4 17. e4 dxe4 18. Ncxe4 Be7 19. Bxg4 Bxg4 20. f5 Bxg5 21. Nxg5 Qxg3+ 22. Qxg3 1-0

[Event "Muensterland Verbandsklasse 2526"]
[Site "Germany"]
[Date "2026.05.16"]
[Round "9"]
[Board "3"]
[White "Esser, Peter"]
[Black "Jendrich, Manuel"]
[Result "0-1"]
[WhiteElo "1757"]
[BlackElo "1832"]
[WhiteFideId "-1"]
[BlackFideId "-1"]
[PlyCount "80"]
[GameId "2288290218622062"]
[EventDate "2025.??.??"]
[EventType "team-tourn"]
[EventRounds "9"]
[EventCountry "GER"]
[SourceTitle "Verband Muensterland"]
[SourceDate "2026.01.17"]
[SourceVersion "1"]
[SourceVersionDate "2026.01.17"]
[SourceQuality "1"]
[WhiteTeam "Telgte"]
[BlackTeam "Nordkirchen"]
[WhiteTeamCountry "GER"]
[BlackTeamCountry "GER"]

1. d4 e6 2. c4 b6 3. Nf3 Bb7 4. a3 f5 5. Nc3 Nf6 6. Bg5 Be7 7. e3 h6 8. Bxf6 Bxf6 9. Bd3 O-O 10. Qc2 Nc6 11. O-O g6 12. Rad1 Ne7 13. e4 Bg7 14. Rfe1 Rc8 15. b4 d6 16. exf5 Bxf3 17. gxf3 Nxf5 18. Bxf5 Rxf5 19. Rxe6 Qg5+ 20. Kh1 Qh5 21. Qe4 Rcf8 22. Qg4 Rxf3 23. Qxh5 gxh5 24. Ne4 Kh7 25. d5 Rxa3 26. b5 Rg8 27. Rg1 Rh3 28. Rg3 Rh4 29. h3 Be5 30. Rxg8 Kxg8 31. f3 Rxh3+ 32. Kg2 Rh2+ 33. Kg1 Rc2 34. Nf6+ Bxf6 35. Rxf6 Rxc4 36. Rxh6 h4 37. Rh5 Rb4 38. Kg2 Rxb5 39. f4 Rb4 40. Rxh4 Rd4 0-1

[Event "Muensterland Verbandsklasse 2526"]
[Site "Germany"]
[Date "2026.05.16"]
[Round "9"]
[Board "4"]
[White "Grawunder, Juergen"]
[Black "Dieckmann, Werner"]
[Result "1-0"]
[WhiteElo "1915"]
[BlackElo "1740"]
[WhiteFideId "-1"]
[BlackFideId "-1"]
[PlyCount "120"]
[GameId "2288290218617965"]
[EventDate "2025.??.??"]
[EventType "team-tourn"]
[EventRounds "9"]
[EventCountry "GER"]
[SourceTitle "Verband Muensterland"]
[SourceDate "2026.01.17"]
[SourceVersion "1"]
[SourceVersionDate "2026.01.17"]
[SourceQuality "1"]
[WhiteTeam "Nordkirchen"]
[BlackTeam "Telgte"]
[WhiteTeamCountry "GER"]
[BlackTeamCountry "GER"]

1. b4 d5 2. Bb2 Nf6 3. Nf3 Nbd7 4. e3 e6 5. b5 c5 6. c4 Nb6 7. Qc2 Be7 8. d3 O-O 9. a4 dxc4 10. dxc4 Nbd7 11. Bd3 b6 12. Nbd2 Bb7 13. O-O-O a6 14. h4 axb5 15. axb5 Qc7 16. g4 h6 17. g5 Ng4 18. gxh6 Nxh6 19. Rhg1 Bf6 20. Bxf6 Nxf6 21. Qb2 Qe7 22. Rg5 Kh8 23. Rdg1 Rg8 24. h5 Bxf3 25. Nxf3 Nf5 26. Ne5 Nh6 27. Bb1 Qa7 28. Nc6 Qa4 29. Ne5 Qa1 30. Qxa1 Rxa1 31. Kb2 Ra7 32. f3 Rc7 33. Nc6 Nh7 34. Bxh7 Kxh7 35. e4 f6 36. Rg6 e5 37. Rd1 Nf7 38. Rg2 Ng5 39. Nxe5 Nxe4 40. fxe4 fxe5 41. Rg6 Rf8 42. Rxb6 Rf4 43. Rc6 Ra7 44. Rxc5 Rxe4 45. Kb3 Re3+ 46. Kb4 e4 47. Re5 Re2 48. Rb1 e3 49. Rb3 Kh6 50. b6 Rb7 51. Kb5 Rh2 52. Rexe3 Rxh5+ 53. c5 Rf5 54. Re6+ Kg5 55. Ka6 Rbf7 56. c6 Rf1 57. b7 Ra1+ 58. Kb6 Rf8 59. c7 Rf6 60. Rxf6 gxf6 1-0

[Event "Muensterland Verbandsklasse 2526"]
[Site "Germany"]
[Date "2026.05.16"]
[Round "9"]
[Board "5"]
[White "Koenig, Michael"]
[Black "Grasse, Herbert"]
[Result "1-0"]
[WhiteElo "1670"]
[BlackElo "1729"]
[WhiteFideId "-1"]
[BlackFideId "-1"]
[PlyCount "85"]
[GameId "2288290218613868"]
[EventDate "2025.??.??"]
[EventType "team-tourn"]
[EventRounds "9"]
[EventCountry "GER"]
[SourceTitle "Verband Muensterland"]
[SourceDate "2026.01.17"]
[SourceVersion "1"]
[SourceVersionDate "2026.01.17"]
[SourceQuality "1"]
[WhiteTeam "Telgte"]
[BlackTeam "Nordkirchen"]
[WhiteTeamCountry "GER"]
[BlackTeamCountry "GER"]

1. e4 c5 2. Nf3 e6 3. d4 cxd4 4. Nxd4 Bc5 5. Nb3 Bb6 6. Bd3 Ne7 7. Nc3 a6 8. Qe2 Nbc6 9. a3 Ne5 10. Be3 Nxd3+ 11. cxd3 O-O 12. O-O h6 13. d4 d5 14. f3 Bd7 15. Nc5 Bc6 16. b4 Bc7 17. e5 Nf5 18. Bf2 Qg5 19. Nd3 Bb6 20. f4 Qd8 21. Nc5 Bxc5 22. bxc5 b6 23. g4 Ne7 24. cxb6 Qxb6 25. Rfb1 Qa7 26. Qd3 g6 27. Be3 Kg7 28. Rb4 a5 29. Rb3 Rfc8 30. Qd2 Rh8 31. Rab1 h5 32. f5 exf5 33. Bg5 Rh7 34. Bf6+ Kf8 35. g5 Ng8 36. Rb6 Nxf6 37. gxf6 Rc8 38. Qa2 Qd7 39. Rb8 Rh8 40. Nxd5 Kg8 41. Rxc8+ Kh7 42. Rxc6 Qxc6 43. Ne7 1-0

[Event "Muensterland Verbandsklasse 2526"]
[Site "Germany"]
[Date "2026.05.16"]
[Round "9"]
[Board "6"]
[White "Zoelzer, Timo"]
[Black "Kuhlenbaeumer, Alfred"]
[Result "1-0"]
[WhiteElo "1408"]
[BlackElo "1781"]
[WhiteFideId "-1"]
[BlackFideId "-1"]
[PlyCount "87"]
[GameId "2288290218609771"]
[EventDate "2025.??.??"]
[EventType "team-tourn"]
[EventRounds "9"]
[EventCountry "GER"]
[SourceTitle "Verband Muensterland"]
[SourceDate "2026.01.17"]
[SourceVersion "1"]
[SourceVersionDate "2026.01.17"]
[SourceQuality "1"]
[WhiteTeam "Nordkirchen"]
[BlackTeam "Telgte"]
[WhiteTeamCountry "GER"]
[BlackTeamCountry "GER"]

1. c4 c5 2. Nc3 g6 3. g3 Bg7 4. Bg2 Nc6 5. d3 Nf6 6. e4 d6 7. Nge2 O-O 8. O-O a6 9. Rb1 Rb8 10. a4 Bd7 11. f4 Bg4 12. Be3 Qd7 13. Qd2 Bh3 14. b3 Bxg2 15. Kxg2 e6 16. h3 b6 17. f5 d5 18. cxd5 exd5 19. Bh6 dxe4 20. Nxe4 Nxe4 21. dxe4 Qxd2 22. Bxd2 Be5 23. Bf4 Rfe8 24. Kf3 Rbd8 25. Rfd1 Bxf4 26. Kxf4 Nb4 27. Nc3 f6 28. fxg6 hxg6 29. Nd5 Nxd5+ 30. Rxd5 Rxd5 31. exd5 Rd8 32. Rd1 Kf7 33. h4 b5 34. g4 bxa4 35. bxa4 Rb8 36. d6 Ke6 37. d7 Rd8 38. h5 gxh5 39. gxh5 c4 40. h6 c3 41. h7 c2 42. Rc1 Kf7 43. Rxc2 Kg7 44. Rc8 1-0